Gandhi, Marx and India: An Alternative Path of Progress (Record no. 530142)

MARC details
000 -LEADER
fixed length control field 00522nam a2200193Ia 4500
008 - FIXED-LENGTH DATA ELEMENTS--GENERAL INFORMATION
fixed length control field 240822s9999 xx 000 0 und d
020 ## - INTERNATIONAL STANDARD BOOK NUMBER
ISBN 9789350026663
Paper back/Hardbound pbk
041 ## - LANGUAGE CODE
Language code of text/sound track or separate title eng
082 ## - DEWEY DECIMAL CLASSIFICATION NUMBER
Classification number 330.15 PRA
100 ## - MAIN ENTRY--AUTHOR NAME
Personal name Pradhan H. Prasad
245 #0 - TITLE STATEMENT
Title Gandhi, Marx and India: An Alternative Path of Progress
Statement of responsibility, etc / Pradhan, H. Prasad;
250 ## - EDITION STATEMENT
Edition statement 1st ed.
260 ## - PUBLICATION, DISTRIBUTION, ETC. (IMPRINT)
Name of publisher Aakar Books,
Year of publication 2000.
Place of publication Delhi:
300 ## - PHYSICAL DESCRIPTION
Number of Pages 144p. :
Dimensions 15cm.
650 ## - SUBJECT ADDED ENTRY--TOPICAL TERM
Topical Term Political Science
942 ## - ADDED ENTRY ELEMENTS (KOHA)
Koha item type English Books
Holdings
Withdrawn status Lost status Damaged status Not for loan Home library Current library Shelving location Date acquired Full call number Accession Number Price effective from Koha item type
        Anna Centenary Library Anna Centenary Library 4TH FLOOR, A WING 22.08.2024 330.15 PRA 672933 22.08.2024 English Books
        Anna Centenary Library Anna Centenary Library 4TH FLOOR, A WING 22.08.2024 330.15 PRA 672934 22.08.2024 English Books

Find us on the map